000 00311nam a2200133Ia 4500
100 _aLashko/ N./ Lashko/ S.
942 _cRB
654 _aBrazing & Soldering
245 _aBrazing and Soldering of Metals
260 _bMir Publishers
_aMoscow
_c1979
082 _a671.56
300 _a344
546 _aENGLISH
999 _c34383
_d34383